000 00602cam a2200169 i 4500
005 20251210110706.0
008 250721s9999 iq gr 000 0 ara d
082 1 4 _a216.23
_bس ا م
100 1 _aالسامرائي، يونس الشيخ إبراهيم
_eمؤلف.
245 1 0 _aليلة القدر /
_cتاليف يونس الشيخ ابراهيم السامرائي.
264 1 _aبغداد :
_bمكتبة الشرق الجديد،
_c[بين 1999و 2000].
300 _a43 صفحه.
650 1 7 _aرمضان.
650 1 7 _aليلة القدر.
942 _2ddc
_cBK
999 _c30478
_d30478